00281nam a2200097Ia 4500008004100000082001600041100002700057245005800084260003200142300000900174210430s9999 xx 000 0 und d a300.1T125 T aProf.Abdul Hameed Taga aTheory &Research in sociologycProf.Abdul Hameed Taga aLahorebAbdul Hameed c2007 a199p